Music Quiz

Random Music or Album Quiz

Adele Songs Quiz Stats

 Plays Quiz Updated Feb 21, 2020

Support Sporcle.
Go Orange.
Score 0/34 Timer 05:00
2 Plays Today
Album Song % Correct
25Hello
92.2%
21Rolling in the Deep
89.1%
21Someone Like You
84.2%
21Set Fire to the Rain
70.1%
19Chasing Pavements
69.7%
21Rumour Has It
61.2%
25When We Were Young
59.6%
21Turning Tables
59.5%
25Send My Love (To Your New Lover)
58.5%
25Water Under the Bridge
50.6%
25All I Ask
47.8%
19Hometown Glory
47.3%
19Make You Feel My Love
46.6%
25River Lea
43.2%
25Remedy
39.7%
25Million Years Ago
39%
21Don't You Remember
37.7%
Album Song % Correct
21One and Only
37.7%
21Lovesong
37.4%
25Sweetest Devotion
36.1%
25I Miss You
36%
25Love in the Dark
35.4%
19Daydreamer
32.8%
21He Won't Go
32.6%
19Cold Shoulder
31.7%
21Take it All
30.4%
21I'll Be Waiting
27.5%
19Right as Rain
26.3%
19Melt My Heart to Stone
24.9%
19My Same
24.4%
19Best For Last
23.9%
19Crazy For You
23.3%
19Tired
23.2%
19First Love
23.2%

From the Vault

Art School of Fish

by Zipcity

History 5m
Are fish just always in school? Shouldn't they be smarter than us by now?
Remove Ads.
Support Sporcle.
Get the best of Sporcle when you Go Orange. This ad-free experience offers more features, more stats, and more fun while also helping to support Sporcle. Thank you for becoming a member.

Show Comments

Extras

Top Quizzes Today


Score Distribution

Your Account Isn't Verified!

In order to create a playlist on Sporcle, you need to verify the email address you used during registration. Go to your Sporcle Settings to finish the process.

Report this User

Report this user for behavior that violates our Community Guidelines.

Details: